| 000 | 00601nam a22001817a 4500 | ||
|---|---|---|---|
| 003 | OSt | ||
| 005 | 20220107122821.0 | ||
| 008 | 161018b xxu||||| |||| 00| 0 eng d | ||
| 040 | _cIIITMK | ||
| 100 |
_aJitha P Nair (93515012) _910833 |
||
| 245 |
_aStacked de-noising auto-encoder based object tracking and detection using extreme learning machine _cJitha P Nair |
||
| 300 | _aM Phil CS - Main Project | ||
| 502 |
_bM Phil CS _c2015-16 _dINT _eDr. Elizabeth Sherly |
||
| 650 |
_aCOMPUTER SCIENCE _910834 |
||
| 650 |
_aCOMPUTER SECURITY _910835 |
||
| 650 |
_aMALWARE DETECTION _910836 |
||
| 942 |
_2ddc _cPR |
||
| 999 |
_c5410 _d5410 |
||